Las otras islas : | antología (Registro nro. 244)
[ vista simple ]
| 000 -CABECERA | |
|---|---|
| fixed length control field | 01037nam a22002297a 4500 |
| 003 - CONTROL NUMBER IDENTIFIER | |
| control field | AR-BeUNQ |
| 005 - FECHA Y HORA DE LA ULTIMA TRANSACCION | |
| control field | 20230818155737.0 |
| 008 - ELEMENTOS DE LONGITUD FIJA-INFORMACION GENERAL | |
| fixed length control field | 220504b |||||||| |||| 00| 0 spa d |
| 020 ## - NUMERO INTERNACIONAL NORMALIZADO PARA LIBROS | |
| Número Internacional Normalizado del libro | 9789870422532 |
| 040 ## - FUENTE DE CATALOGACION | |
| Agencia de catalogación original | AR-BeUNQ |
| Idioma de catalogación | ESPAÑOL |
| Agencia que realiza la transcripción | AR-BeUNQ |
| Convenciones de la descripción | aacr |
| 082 ## - NUMERO DE CLASIFICACION DECIMAL DEWEYMBER | |
| Número de la edición | 21 |
| Número de clasificación | A863 |
| Número del ítem | 928 |
| 245 06 - MENCION DE TITULO | |
| Título | Las otras islas : |
| Otra información sobre el título | antología |
| Mención de responsabilidad, etc | Marcelo Birmajer...{et.al.} |
| 250 ## - MENCION DE EDICION | |
| Mención de edición | 1a.ed |
| Resto de la mención de edición | 1a. reimp. |
| 260 ## - PUBLICACION, DISTRIBUCION, ETC. | |
| Lugar de publicación, distribución, etc. | Buenos Aires : |
| Nombre del editor, distribuidor, etc. | Agular, |
| Fecha de publicación, distribución, etc | 2012 |
| 300 ## - DESCRIPCION FISICA | |
| Extensión | 152 p. ; |
| Dimensiones | 14 cm |
| 490 ## - MENCION DE SERIE | |
| Mención de serie | Roja |
| 500 ## - NOTA GENERAL | |
| Nota general | capitulos : "La penitencia" de MArcelo Brimajer. "El puente de arena" de Liliana Bodoc . "Clase 63", por Pablo De Santis. "Memorandum Almazán" de Juan Forn. "Las otras islas" Inés Garland. "El alimento del futuro" por Pablo Ramos,. Me van a tener que disculpar por Eduardo Sacheri. La Guerra de Malvinas por Patricia Suárez. "No dejes que una bomba dañe el clavel de la bandeja" por Esteban Valentino. |
| 600 #6 - ASIENTO SECUNDARIO DE MATERIA - NOMBRE PERSONAL | |
| Nombre personal | Liliana Bodoc |
| Títulos y otras palabras asociadas con el nombre | coaut. |
| 700 ## - ASIENTO SECUNDARIO - NOMBRE DE PERSONA | |
| Personal name | Liliana Bodoc. |
| Dates associated with a name | 2018 |
| Relator term | coaut |
| 929 ## - DATOS DE ADQUISICION | |
| Procedencia | DONACION |
| Precio | 1150 |
| Número de inventario | 59296 |
| 942 ## - ELEMENTOS DE PUNTO DE ACCESO ADICIONAL (KOHA) | |
| Tipo de ítem Koha | Libros |
| Estado de retiro | Estado de pérdida | Especificación de materiales (volumen encuadernado u otra parte) | Ubicación permanente | Ubicación actual | Ubicación en estantería | Fecha de ingreso | Total Checkouts | Signatura topográfica completa | Inventario | Date last seen | Tipo de ítem Koha |
|---|---|---|---|---|---|---|---|---|---|---|---|
| tapa blanda | Biblioteca ESET - UNQ | Biblioteca ESET - UNQ | CIRCULACION | 03/05/2018 | A863 / LAS | 59296 | 04/05/2022 | Libros | |||
| Biblioteca ESET - UNQ | Biblioteca ESET - UNQ | CIRCULACION | 18/08/2023 | 863 EST | 18/08/2023 | Libros |